Quizzes
Events
Quiz Creation
Community
Videos
Private Events
Remove Ads
Sign In
Join for FREE
Feedback
Dark Mode
Quiz Categories
Sports
Geography
Music
Movies
Television
Just For Fun
Miscellaneous
History
Literature
Language
Science
Gaming
Entertainment
Religion
Holiday
For Kids
Quiz Lab
Recent
Popular Today
Quiz Kudos Today
Editor Picks
Curator Picks
Quizzes by...
Day
Popularity
Type
Ratings
Length
Year
Community
Subscriptions
Recent Discussions
Orange Saloon
Badges
Playlists
Quests
Create
Leaderboards
Showdown
Live 5
Trivia Bingo
Activity
Puzzle Library
Sporcle Events
Private Events
Virtual Trivia
Globe League
Become a Host
Pub Owners
SporcleCon
Opinionation
Our Games
Videos
Blog
Mobile Apps
Partnerships
Remove Ads and Go Orange
Feedback
Miscellaneous
Crossword
General Knowledge
Baby Names
Logo
Food
Cars
Numbers
Grab Bag
University
College
Popular
Company
Slogans
Restaurants
Justice
Letter
Miscellaneous
Crossword
General Knowledge
Baby Names
Logo
Food
Cars
Numbers
Grab Bag
University
College
Popular
Company
Slogans
Restaurants
Justice
Letter
Random Quiz
Search Sporcle
×
Quiz Lab
Quiz Lab
Miscellaneous
Math
Type in answers that appear in a list
Type in answers that appear in a list
Classic
Best Score? Go Orange.
2 and 3 times table Stats
Can you name the 2 and 3 times table?
By
simplesimon
3m
30 Questions
156 Plays
156 Plays
156 Plays
Comments
Comments
Give Quiz Kudos
Give Quiz Kudos
-
- Ratings
hide this ad
Forced Order
Answers have to be entered in order
Answers have to be entered in order
Random Order
Randomize order of answers
Randomize order of answers
Replay
Link that replays current quiz
Next Quiz
Link to next quiz in quiz playlist
You Got
0%
They Got
Avg Score
85%
Avg Friend Score
Upgrade to see
Score Distribution
Jump to the score distribution portion of the page
Score
0/30
Timer
03:00
0
Plays Today
Question
Answer
% Correct
2x1=
2
100%
2x2=
4
98.1%
2x4=
8
97.4%
2x7=
14
94.8%
2x5=
10
94.2%
2x3=
6
93.5%
2x8=
16
92.3%
2x10=
20
92.3%
2x6=
12
91.6%
2x9=
18
90.3%
2x13=
26
90.3%
2x11=
22
89.7%
2x12=
24
89.7%
2x14=
28
88.4%
3x1=
3
87.1%
Question
Answer
% Correct
2x15=
30
85.8%
3x4=
12
85.8%
3x2=
6
85.2%
3x7=
21
83.2%
3x3=
9
82.6%
3x6=
18
82.6%
3x8=
24
82.6%
3x5=
15
81.9%
3x10=
30
79.4%
3x9=
27
77.4%
3x12=
36
76.1%
3x11=
33
75.5%
3x13=
39
74.8%
3x14=
42
71%
3x15=
45
65.7%
Quiz Playlist
Details
Report
Send in Message
Add To Playlist
Classic:
Type in answers that appear in a list
Forced Order:
Answers have to be entered in order
Random Order:
Randomize order of answers
Last Updated: Feb 16, 2017
Quiz Scoreboard
CHALLENGE
Sign Up to Join the Scoreboard
Show All
Scores
Hide
Comments
May contain spoilers
Recently Published
Movies - When Are They Set?
by FPL_Elf
Movies
5m
Popular People in 1961
by mucciniale
History
6m
1-10 Letter E Words III
by El_Dandy
Language
2m
More to Explore
Quiz From the Vault
Featured Blog Post
Where Did the Easter Bunny Come From?
hide this ad
You Might Also Like...
Tags
Math Quiz
Multiplication Table
Today's Top Quizzes in Miscellaneous
Browse Miscellaneous
hide this ad
Today's Top Quizzes in Math
Browse Math
Top Contributed Quizzes in Miscellaneous
1
The JOE quick-fire general knowledge quiz: Day 173
2
The JOE quick-fire general knowledge quiz: Day 172
3
5-to-1: Fast Food
4
Sunday Crossword: Famous Bodies of Water
5
The JOE quick-fire general knowledge quiz: Day 171
6
One Thing in Common: United Kingdom II
7
Named After an Animal - Odd One Out!
8
sort kpop groups by number of members
9
The JOE quick-fire quiz: Day 170
10
Sunday Crossword: Themeless #5
Explore More
Trending Topics
Crossword
Kpop
Disney
Anime
Marvel
NBA
Harry Potter
Soccer
NFL
Song
WWE
Puzzle
Pokémon
Country
The Office
hide this ad
More By:
simplesimon
Quiz
Plays
Rating
Category
Featured
Created
Grade 10 Canadian History WWI Part 1 of2
13,921
2.50
History
May 14, 2010
Grade 11 Biology Digestive System
10,976
1.44
Science
Jan 7, 2011
Grade 10 Science Chemistry Part 1 of 3
7,380
2.71
Science
May 27, 2010
Grade 10 Canadian History WWII part 1 of 3
6,172
2.25
History
Sep 27, 2010
Grade 9 Science Chemistry
5,732
2.50
Science
Jun 5, 2010
Go to Creator's Profile
Score Distribution
Quiz Creator Spotlight
simplesimon
Follow
Send a Message
Quizzes Created
-
Created Quiz Play Count
-
More By This Creator
Popular Quizzes Today
1
Find the Countries of Europe - No Outlines Minefield
2
Find the US States - No Outlines Minefield
3
The Countries of the World
4
Popular People in 1961
5
US States
6
1-10 Letter E Words III
7
Find the US States
8
One Thing in Common: World Cities II
More Miscellaneous Quizzes
Enormous Crossword: Figure Out the Lyrics 9
Quiz Lab
Trending Quizzes
Risky Map Clicking: Least Populous States A-Z
1-10 Letter F Words
Humor Books: The Subtitles
1-10 Letter G Words
One Thing in Common: United Kingdom
Recently Updated
Leaping Animals
pecheneg
Reality TV Shows (A-Z)
bhenderson79
Rickey Henderson's Hall of Fame Teammates
pecheneg
Champions League XIs: Arsenal
pecheneg
Quick Pick: Celebrities in WWE's Hall of Fame
aduchscher
A-Z Keypad Blitz II
pecheneg
Multiple Oscar Actors
pecheneg
Mystery Phrase Blitz: Oscar 'Best Actors'
pecheneg
F. Scott Fitzgerald Novels
LTH
Pick 3 Villains
ddd62291
Trending Topics
NBA
Harry Potter
Marvel
Anime
Crossword
Disney
Kpop
Pokémon
Soccer
Country
WWE
Puzzle
Song
NFL
The Office
Your Account Isn't Verified!
In order to create a playlist on Sporcle, you need to verify the email address you used during registration. Go to your
Sporcle Settings
to finish the process.
Report this User
Report this user for behavior that violates our
Community Guidelines
.
Details:
Send Report
Go to the Sporcle.com Mobile Site →
Comments